00891nam a2200217 a 450000100100000000500170001000800410002702000180006804000250008608200170011110000430012824500830017126000370025430000280029150000470031950400280036659000260039495201150042095201210053599900170065600004697420201002053245.0180406s2016 dr a 000 0 spa d a9789945123784 aDO-SdBNPbspacBNPHU axxxxbR696ed1 aRodríguez Rosario, Islen Elba97487410aEducación artística 5 :bnivel primario /cIslen Elba Rodríguez Rosario. aSanto Domingo :bSusaeta,c2016. a128 p. :bil. ;c22 cm. aEnfoque por competencias nuevo currículo aBibliografía : p. 128 aInventariado, 2018/LP 0010718PDaPDbPDcHDd2018-04-10iLF1l0oxxxx R696edp46974-10r2020-06-25w2020-06-25yLFPDZNo se presta 0010718PDaPDbPDcHDd2018-04-10iLF1l0oxxxx R696edp46974-20r2020-06-25te. 2w2020-06-25yLFPDZNo se presta c46462d46462